Systems Analysis and Project Management

Guardado en:
Detalles Bibliográficos
Autor principal: Cleland, David I.
Otros Autores: King, William R.
Formato: Libro
Lenguaje:inglés
Publicado: New York MacGraw-Hill Book Co. 1983
Edición:3. ed.
Colección:MacGraw-Hill Series in Management
Materias:
Etiquetas: Agregar Etiqueta
Sin Etiquetas, Sea el primero en etiquetar este registro!

MARC

LEADER 00000nam a2200000 4500
001 c019685
005 20221207074225.7
020 |a 0-07-011311-4 
041 0 |a eng 
044 |a US 
245 1 0 |a Systems Analysis and Project Management  |c David I. Cleland, William R. King 
250 |a 3. ed. 
264 1 |a New York  |b MacGraw-Hill Book Co.  |c 1983 
300 |a 490 s. 
490 1 |a MacGraw-Hill Series in Management 
830 0 |a MacGraw-Hill Series in Management 
610 2 0 |a manažment 
610 2 0 |a riadenie projektové 
610 2 0 |a analýza systémová 
610 2 0 |a plánovanie 
610 2 0 |a plánovanie strategické 
610 2 0 |a modelovanie systémov riadiacich 
100 1 |a Cleland, David I. 
700 1 |a King, William R.